[Event "Paris Apsap op 55th"]
[Site "Paris"]
[Date "2002.??.??"]
[Round "4"]
[White "Rey, Fabrice"]
[Black "Delort, Frederic"]
[Result "1/2-1/2"]
[WhiteElo "2164"]
[BlackElo "2124"]
[PlyCount "106"]
[EventDate "2002.08.26"]
[EventType "swiss"]
[EventRounds "9"]
[EventCountry "FRA"]
[SourceTitle "EXT 2004"]
[Source "ChessBase"]
[SourceDate "2003.11.25"]
[SourceVersion "1"]
[SourceVersionDate "2003.11.25"]
[SourceQuality "1"]

1. e4 e6 2. d4 d5 3. Nd2 Nf6 4. e5 Nfd7 5. Bd3 c5 6. c3 Nc6 7. Ngf3 g6 8. 0-0 Bg7 9. Bc2 0-0 10. Re1 cxd4 11. cxd4 f6 12. exf6 Qxf6 13. Qe2 e5 14. Bb3 Nxd4 15. Nxd4 exd4 16. Bxd5+ Kh8 17. Nf3 Qd6 18. Bc4 Nb6 19. Bd3 Bg4 20. Qe7 Qxe7 21. Rxe7 Rae8 22. Rxe8 Rxe8 23. Bd2 a6 24. Rc1 Na4 25. Rc2 Rc8 26. Rxc8+ Bxc8 27. Bc1 Be6 28. a3 Nc5 29. Bb1 Bf5 30. Bxf5 gxf5 31. b4 Nb3 32. Bb2 d3 33. Bxg7+ Kxg7 34. Kf1 Kf6 35. Ke1 f4 36. Nd2 Nd4 37. Ne4+ Ke5 38. Nc5 Nc2+ 39. Kd2 f3 40. Nxd3+ Kd4 41. gxf3 Nxa3 42. f4 Ke4 43. Nc5+ Kxf4 44. Nxb7 Kf3 45. Nc5 a5 46. bxa5 Nc4+ 47. Ke1 Nxa5 48. Ne6 Nc4 49. Ng5+ Kg2 50. h4 h6 51. f4 Kg3 52. f5 Nd6 53. f6 Kxh4 1/2-1/2

[Event "Hyeres op"]
[Site "Hyeres"]
[Date "2001.07.10"]
[Round "6"]
[White "Abello, Sebastien"]
[Black "Rey, Fabrice"]
[Result "1/2-1/2"]
[WhiteElo "2229"]
[BlackElo "2152"]
[PlyCount "61"]
[EventDate "2001.07.07"]
[EventType "swiss"]
[EventRounds "9"]
[EventCountry "FRA"]
[SourceTitle "EXT 2002"]
[Source "ChessBase"]
[SourceDate "2001.11.25"]
[SourceVersion "1"]
[SourceVersionDate "2001.11.25"]
[SourceQuality "1"]

1. e4 c5 2. Nf3 Nc6 3. Bb5 d6 4. d4 cxd4 5. Qxd4 Bd7 6. Bxc6 bxc6 7. c4 Qb6 8. Qxb6 axb6 9. Be3 Rb8 10. Nc3 e5 11. 0-0 f5 12. exf5 Bxf5 13. Rad1 Nf6 14. h3 Be7 15. b4 Be6 16. c5 bxc5 17. bxc5 Nd5 18. Ne4 Nxe3 19. fxe3 d5 20. Nd6+ Bxd6 21. cxd6 Kd7 22. Nxe5+ Kxd6 23. Nf7+ Bxf7 24. Rxf7 Rbe8 25. Rd3 Re7 26. Rxe7 Kxe7 27. e4 Kd6 28. exd5 cxd5 29. Kf2 Rb8 30. Rb3 Ra8 31. a3 1/2-1/2

[Event "Syre Memorial op 24th"]
[Site "Issy les Moulineaux"]
[Date "2001.05.25"]
[Round "1"]
[White "Rey, Fabrice"]
[Black "Aouizerate, Robert"]
[Result "1-0"]
[WhiteElo "2147"]
[BlackElo "2031"]
[PlyCount "49"]
[EventDate "2001.05.25"]
[EventType "swiss"]
[EventRounds "6"]
[EventCountry "FRA"]
[SourceTitle "EXT 2003"]
[Source "ChessBase"]
[SourceDate "2002.11.25"]
[SourceVersion "1"]
[SourceVersionDate "2002.11.25"]
[SourceQuality "1"]

1. e4 c6 2. d4 d5 3. exd5 cxd5 4. Nf3 Nf6 5. Bd3 Nc6 6. c3 g6 7. Bf4 Bg7 8. 0-0 0-0 9. h3 Nh5 10. Bh2 e6 11. Nbd2 a6 12. Qe2 b5 13. b4 Bb7 14. Nb3 Qf6 15. Qe3 Qe7 16. Nc5 Rfe8 17. Rfe1 Na7 18. Re2 Nc8 19. a4 Bc6 20. axb5 axb5 21. Rxa8 Bxa8 22. Bxb5 Rd8 23. Ra2 Nb6 24. Qc1 Nc4 25. Qa1 1-0

[Event "Syre Memorial op 24th"]
[Site "Issy les Moulineaux"]
[Date "2001.05.??"]
[Round "6"]
[White "Valuet, Bertrand"]
[Black "Rey, Fabrice"]
[Result "1-0"]
[WhiteElo "2233"]
[BlackElo "2157"]
[PlyCount "59"]
[EventDate "2001.05.25"]
[EventType "swiss"]
[EventRounds "6"]
[EventCountry "FRA"]
[SourceTitle "EXT 2003"]
[Source "ChessBase"]
[SourceDate "2002.11.25"]
[SourceVersion "1"]
[SourceVersionDate "2002.11.25"]
[SourceQuality "1"]

1. e4 c5 2. Nf3 Nc6 3. d4 cxd4 4. Nxd4 Nf6 5. Nc3 e5 6. Ndb5 d6 7. Bg5 a6 8. Na3 Be6 9. Nc4 Rc8 10. Bxf6 Qxf6 11. Nxd6+ Bxd6 12. Qxd6 Rd8 13. Qa3 Qg5 14. Bd3 Qxg2 15. 0-0-0 Qxf2 16. Kb1 Qb6 17. Nd5 Bxd5 18. exd5 Rxd5 19. Be4 Rxd1+ 20. Rxd1 Qc7 21. Qc5 h5 22. Rg1 g6 23. Rd1 h4 24. b4 h3 25. a4 Rh4 26. Bxc6+ bxc6 27. Rd6 e4 28. Rxc6 Qb7 29. Rc7 Rh5 30. Qe7# 1-0

[Event "FRA-chT2S 9899"]
[Site "France"]
[Date "1999.??.??"]
[Round "8"]
[White "Bes, Stephane"]
[Black "Rey, Fabrice"]
[Result "1/2-1/2"]
[WhiteElo "2183"]
[BlackElo "2156"]
[PlyCount "117"]
[EventDate "1998.??.??"]
[EventType "team"]
[EventRounds "9"]
[EventCountry "FRA"]
[SourceTitle "EXT 2002"]
[Source "ChessBase"]
[SourceDate "2001.11.25"]
[SourceVersion "1"]
[SourceVersionDate "2001.11.25"]
[SourceQuality "1"]

1. d4 d5 2. c4 dxc4 3. e3 c5 4. Bxc4 cxd4 5. Nf3 Nc6 6. exd4 Nf6 7. Nc3 e6 8. 0-0 Be7 9. Qe2 0-0 10. Rd1 a6 11. d5 exd5 12. Nxd5 Nxd5 13. Bxd5 Qc7 14. Qc4 Bd6 15. Be3 Bf5 16. Bxc6 bxc6 17. Rxd6 Qxd6 18. Bc5 Qe6 19. Qxe6 Bxe6 20. Bxf8 Rxf8 21. b3 f6 22. Rc1 Bd5 23. Nd4 Rc8 24. Rc5 Kf8 25. f3 g6 26. Kf2 Ke7 27. a3 Kd6 28. b4 Ra8 29. Ra5 Bc4 30. Nc2 Re8 31. Ne3 Bb5 32. a4 Bd3 33. Rc5 Rb8 34. Rc3 Bb1 35. Rb3 Ba2 36. Rb2 Be6 37. Nd1 Kd5 38. Ne3+ Ke5 39. Nd1 Bc4 40. Ne3 Bf7 41. Re2 Kd6 42. Rd2+ Kc7 43. Rd4 Rd8 44. Rxd8 Kxd8 45. Ke2 Kc7 46. Kd3 Kd6 47. Kd4 h5 48. h4 Bb3 49. a5 Ba4 50. g4 Ke6 51. gxh5 gxh5 52. f4 Bb5 53. Kc5 Ba4 54. Kb6 Bb5 55. Kb7 Kd6 56. Nf5+ Kd5 57. Ng7 Kc4 58. Nxh5 Kxb4 59. Nxf6 1/2-1/2

[Event "Buenos Aires Intercoop 25th"]
[Site "Buenos Aires"]
[Date "1999.??.??"]
[Round "2"]
[White "Rey, Fabrice"]
[Black "Caramia, Javier"]
[Result "0-1"]
[WhiteElo "2154"]
[BlackElo "2200"]
[PlyCount "51"]
[EventDate "1999.08.??"]
[EventType "team"]
[EventRounds "6"]
[EventCountry "ARG"]
[SourceTitle "EXT 2002"]
[Source "ChessBase"]
[SourceDate "2001.11.25"]
[SourceVersion "1"]
[SourceVersionDate "2001.11.25"]
[SourceQuality "1"]

1. e4 c5 2. Nf3 e6 3. d4 cxd4 4. Nxd4 Nc6 5. Nc3 a6 6. Nxc6 bxc6 7. Bd3 d5 8. 0-0 Nf6 9. Bg5 Be7 10. e5 Nd7 11. Bxe7 Qxe7 12. f4 Rb8 13. Rb1 0-0 14. Qh5 g6 15. Qh6 f5 16. h4 Rf7 17. Rf3 c5 18. Rg3 Rg7 19. h5 Nf8 20. Be2 gxh5 21. Rh3 d4 22. Nd1 Bb7 23. g3 h4 24. g4 fxg4 25. Rxh4 Bf3 26. Bxf3 0-1

[Event "FRA-chT2S 9899"]
[Site "France"]
[Date "1998.11.15"]
[Round "3"]
[White "Bertrand, Frederic"]
[Black "Rey, Fabrice"]
[Result "1/2-1/2"]
[WhiteElo "2200"]
[BlackElo "2160"]
[PlyCount "99"]
[EventDate "1998.??.??"]
[EventType "team"]
[EventRounds "9"]
[EventCountry "FRA"]
[SourceTitle "EXT 2002"]
[Source "ChessBase"]
[SourceDate "2001.11.25"]
[SourceVersion "1"]
[SourceVersionDate "2001.11.25"]
[SourceQuality "1"]

1. d4 d5 2. c4 dxc4 3. Nf3 c5 4. d5 Nf6 5. Nc3 e6 6. e4 exd5 7. exd5 Bd6 8. Bxc4 0-0 9. 0-0 a6 10. a4 Bg4 11. Bg5 Nbd7 12. Ne4 Be5 13. h3 Bh5 14. g4 Bg6 15. Nxe5 Nxe5 16. Bxf6 gxf6 17. Nd2 b5 18. axb5 axb5 19. Rxa8 Qxa8 20. Bxb5 Qxd5 21. Be2 Rd8 22. Nb3 Qa8 23. Qc1 Nf3+ 24. Bxf3 Qxf3 25. Qe3 Qa8 26. Nxc5 Re8 27. Qf4 Qd5 28. b4 Kg7 29. Rc1 h5 30. gxh5 Qxh5 31. Kh2 Re5 32. Qg4 Qh6 33. Rg1 Qd2 34. Rg2 f5 35. Qg5 Qd6 36. f4 Re1 37. Qxf5 Qd1 38. Rxg6+ fxg6 39. Ne6+ Rxe6 40. Qxe6 Qd2+ 41. Kg3 Qxb4 42. Qe5+ Kh7 43. Kg4 Qb3 44. Kg5 Qf7 45. h4 Qg7 46. Qc5 Qf7 47. Qe5 Qg7 48. Qc5 Qf7 49. Kg4 Qd7+ 50. Kg5 1/2-1/2

[Event "Cannes Martinez op"]
[Site "Cannes"]
[Date "1996.??.??"]
[Round "4"]
[White "Bernard, Christophe"]
[Black "Rey, Fabrice"]
[Result "1-0"]
[WhiteElo "2370"]
[BlackElo "2165"]
[PlyCount "67"]
[EventDate "1996.08.??"]
[EventType "swiss"]
[EventRounds "9"]
[EventCountry "FRA"]
[SourceTitle "EXT 1998"]
[Source "ChessBase"]
[SourceDate "1997.11.17"]
[SourceVersion "1"]
[SourceVersionDate "1997.11.17"]
[SourceQuality "1"]

1. d4 g6 2. Nf3 Bg7 3. c4 d6 4. Nc3 Bg4 5. e3 Nc6 6. Be2 e5 7. 0-0 exd4 8. exd4 Nge7 9. d5 Bxf3 10. Bxf3 Ne5 11. Be2 0-0 12. Ne4 h6 13. f4 Nd7 14. Ng3 f5 15. Rb1 Kh7 16. Bf3 Ng8 17. Ne2 Re8 18. Nd4 Nf8 19. b3 c5 20. dxc6 Qb6 21. Bb2 Ne6 22. c5 Qxc5 23. cxb7 Rab8 24. Rc1 Bxd4+ 25. Kh1 Qb6 26. Rc6 Bxb2 27. Rxb6 axb6 28. Qxd6 Bd4 29. Re1 Bc5 30. Qc6 Nd4 31. Qxe8 Rxe8 32. Rxe8 Bd6 33. Rd8 Bxf4 34. Rxd4 1-0

[Event "Cannes Martinez op"]
[Site "Cannes"]
[Date "1996.??.??"]
[Round "6"]
[White "Guillon, Cyril"]
[Black "Rey, Fabrice"]
[Result "1-0"]
[WhiteElo "2220"]
[BlackElo "2165"]
[PlyCount "46"]
[EventDate "1996.08.??"]
[EventType "swiss"]
[EventRounds "9"]
[EventCountry "FRA"]
[SourceTitle "EXT 1998"]
[Source "ChessBase"]
[SourceDate "1997.11.17"]
[SourceVersion "1"]
[SourceVersionDate "1997.11.17"]
[SourceQuality "1"]

1. e4 g6 2. d4 c6 3. Nf3 d5 4. e5 Bg4 5. h3 Bxf3 6. Qxf3 e6 7. h4 c5 8. Bb5+ Nc6 9. dxc5 Qa5+ 10. Nc3 Bxc5 11. Bd2 Qc7 12. 0-0-0 0-0-0 13. Bxc6 bxc6 14. Na4 Bf8 15. Qe2 Qb7 16. Bg5 Rd7 17. Rh3 Qb5 18. Qg4 h5 19. Qf4 c5 20. Rb3 Qc6 21. Rf3 Nh6 22. Nc3 Rb7 23. Qf6 Qb6 1-0

[Event "Cannes Martinez op"]
[Site "Cannes"]
[Date "1996.??.??"]
[Round "2"]
[White "Palamara, G."]
[Black "Rey, Fabrice"]
[Result "1/2-1/2"]
[WhiteElo "1960"]
[BlackElo "2165"]
[PlyCount "130"]
[EventDate "1996.08.??"]
[EventType "swiss"]
[EventRounds "9"]
[EventCountry "FRA"]
[SourceTitle "EXT 1998"]
[Source "ChessBase"]
[SourceDate "1997.11.17"]
[SourceVersion "1"]
[SourceVersionDate "1997.11.17"]
[SourceQuality "1"]

1. e4 c6 2. d4 g6 3. f4 d5 4. e5 h5 5. Nf3 Bg4 6. h3 Bxf3 7. Qxf3 e6 8. Bd3 Qb6 9. c3 c5 10. dxc5 Bxc5 11. Nd2 Nc6 12. Nb3 Nge7 13. Nxc5 Qxc5 14. Qf2 Qa5 15. Bd2 Qc7 16. Be3 b6 17. a3 h4 18. 0-0-0 0-0-0 19. Kb1 Kb7 20. Rhe1 Nf5 21. Qe2 Na5 22. Ba6+ Kb8 23. Bf2 Nc4 24. Bxc4 Qxc4 25. Qxc4 dxc4 26. Rxd8+ Rxd8 27. Kc2 Kc7 28. Re4 b5 29. Bxa7 Kc6 30. Bf2 Kd5 31. Re1 Kc6 32. Re2 Rd7 33. Re1 Rd8 34. Ra1 Rd3 35. Re1 Rd7 36. Re2 Rd8 37. Be1 Rd3 38. Bf2 Rd7 39. Re1 Rd8 40. Re4 Kd5 41. Re2 Kc6 42. b3 cxb3+ 43. Kxb3 Rd1 44. Be1 Rd3 45. Kc2 Re3 46. Kd2 Rxe2+ 47. Kxe2 Ne7 48. Kf3 Nd5 49. Bxh4 Nxc3 50. Be7 Kd5 51. g4 Ne4 52. h4 Nd2+ 53. Kg2 Ke4 54. h5 gxh5 55. gxh5 Kf5 56. h6 Kg6 57. Bf8 Nb3 58. Kf3 Nd4+ 59. Ke4 Ne2 60. Ke3 Nc3 61. Kd3 Nd5 62. Ke4 Nc3+ 63. Kd4 Na4 64. Kd3 Nb6 65. Kd4 Na4 1/2-1/2